Models d'administracions a la Unió Europea : les administracions locals de segon nivell / autor: Ricard Valls les administracions locals de segon nivell / autor:
Descripción Física:
12 p. ; 30 cm
Colección:
Sèrie documents. Anàlisi territorial
Materias:
Administració local -- Unió Europea
MARC
| LEADER | 00000nam a2200000Ia 4500 | ||
|---|---|---|---|
| 001 | 15079 | ||
| 008 | 160829s1999 xx 000 0 cat d | ||
| 080 | |a FU-37-6 | ||
| 100 | |a Valls, Ricard |9 1221 | ||
| 245 | |a Models d'administracions a la Unió Europea : |b les administracions locals de segon nivell / autor: |b Ricard Valls | ||
| 260 | |a Barcelona : |b Diputació de Barcelona, Servei de Cooperació Local, |c 1999 | ||
| 300 | |a 12 p. ; |c 30 cm | ||
| 490 | |a Sèrie documents. Anàlisi territorial | ||
| 650 | 0 | |a Administració local |z Unió Europea |9 44839 | |
| 710 | 1 | |a Barcelona (Catalunya : Província). |b Servei de Cooperació Local |9 2991 | |
| 901 | |a Arxiu | ||
| 942 | |n 1 | ||
| 952 | |0 0 |1 0 |4 0 |6 FU376 |7 1 |9 48739 |a Arxiu |b Arxiu |d 2016-12-01 |l 0 |o FU-37-6 |p 15079 |r 2016-12-01 00:00:00 |w 2016-12-01 |y ARXIU | ||
| 999 | |c 52570 |d 52570 | ||